书目信息 |
| 书名: | The Bermuda Triangle, and other mysteries of nature | |
| 作者: | by Edward F. Dolan, Jr. | |
| 分册号: | ||
| 分册名: | 出版地: | New York : |
|
| 出版社: | F. Watts | |
| 出版时间: | 1980. | |
| 页数: | 85 p. : | |
| 开本: | 22 cm. | |
| 丛书名: | ||
| 中图分类号: | ||
| 科图分类号: | ||
| 其他分类号: | I712.45 | |
| 主题词: | ||
| 电子资源: | ||
| 000 | 01059nam 2200325 4504 | |
| 001 | E0760349691 | |
| 005 | 20070209165140.71 | |
| 008 | 030425s1980 nyua j 00110 eng | |
| 010 | @a79022798 /AC | |
| 020 | @a0531041131. | |
| 040 | @aDLC@cDLC@dm.c.@dOCL@dCIN | |
| 050 | 00 | @aG558@b.D64 |
| 082 | @a001.9/4 | |
| 090 | @aN34/1 | |
| 090 | @aI712.45 | |
| 099 | @dI712.45@ex8 | |
| 100 | 1 | @aDolan, Edward F.,@d1924- |
| 245 | 14 | @aThe Bermuda Triangle, and other mysteries of nature / @cby Edward F. Dolan, Jr. |
| 260 | 0 | @aNew York :@bF. Watts,@c1980. |
| 300 | @a85 p. :@bill. ;@c22 cm. | |
| 490 | 0 | @aTriumph book. |
| 500 | @aIncludes index. | |
| 520 | @aDiscusses the Bermuda Triangle, UFO's, the abominable snowman or Yeti, and Bigfoot or Sasquatch. | |
| 650 | 0 | @aYeti. |
| 650 | 0 | @aSasquatch. |
| 650 | 0 | @aCuriosities and wonders@xJuvenile literature. |
| 650 | 0 | @aUnidentified flying objects. |
| 651 | 0 | @aBermuda Triangle@xJuvenile literature. |
| 651 | 0 | @aBermuda Triangle. |
| 920 | @a232010@z2 | |
| The Bermuda Triangle, and other mysteries of nature / / by Edward F. Dolan, Jr.-New York : : F. Watts, , 1980. |
| 85 p. : : ill. ; ; 22 cm.- (Triumph book. ) |
| Includes index.-Discusses the Bermuda Triangle, UFO's, the abominable snowman or Yeti, and Bigfoot or Sasquatch. |
| ISBN 0531041131. |
| Discusses the Bermuda Triangle, UFO's, the abominable snowman or Yeti, and Bigfoot or Sasquatch. |
| ● |
| 相关链接 |
|
|
|
|
正题名:Bermuda Triangle, and other mysteries of nature
索取号:I712.45/x8
 
预约/预借
| 序号 | 登录号 | 条形码 | 馆藏地/架位号 | 状态 | 备注 |
| 1 | 181009 | 001686688 | 第四借阅区/ [索取号:I712.45/x8] | 在馆 | |
| 2 | 181010 | 001686722 | 第二样本阅览室/ [索取号:I712.45/x8] | 在馆 |